| 000 | 00496pab a2200193 454500 | ||
|---|---|---|---|
| 008 | 180718b2012 xxu||||| |||| 00| 0 eng d | ||
| 100 | _aMohapatra, Gadadhara | ||
| 245 | _aRight based approach to chronic poverty land social justice in India | ||
| 260 | _c2012 | ||
| 300 | _ap.229-243. | ||
| 362 | _aJul-Sep | ||
| 650 | _aSocial justice - India | ||
| 650 | _aPoverty - India | ||
| 650 | _aPoverty | ||
| 700 | _aSharma, Kiran | ||
| 773 | _aSocial Action | ||
| 908 | _aN | ||
| 909 | _a97036 | ||
| 999 |
_c97036 _d97036 |
||